<?xml version="1.0" encoding="UTF-8"?>
<record
    xmlns:xsi="http://www.w3.org/2001/XMLSchema-instance"
    xsi:schemaLocation="http://www.loc.gov/MARC21/slim http://www.loc.gov/standards/marcxml/schema/MARC21slim.xsd"
    xmlns="http://www.loc.gov/MARC21/slim">

  <leader>00800cam a2200217 a 4500</leader>
  <datafield tag="999" ind1=" " ind2=" ">
    <subfield code="c">2348</subfield>
    <subfield code="d">2348</subfield>
  </datafield>
  <controlfield tag="001">12789402</controlfield>
  <controlfield tag="003">OCoLC</controlfield>
  <controlfield tag="005">20181011180300.0</controlfield>
  <controlfield tag="008">860106s1985    gau           000 0 eng  </controlfield>
  <datafield tag="010" ind1=" " ind2=" ">
    <subfield code="a">86101070 //r86</subfield>
  </datafield>
  <datafield tag="040" ind1=" " ind2=" ">
    <subfield code="a">DLC</subfield>
    <subfield code="c">DLC</subfield>
    <subfield code="d">STU</subfield>
  </datafield>
  <datafield tag="050" ind1="0" ind2=" ">
    <subfield code="a">BS125</subfield>
    <subfield code="b">.B5</subfield>
  </datafield>
  <datafield tag="082" ind1="0" ind2=" ">
    <subfield code="a">REF 220.5</subfield>
    <subfield code="2">19</subfield>
    <subfield code="b">V364T</subfield>
  </datafield>
  <datafield tag="130" ind1="0" ind2=" ">
    <subfield code="a">Bible.</subfield>
    <subfield code="l">English.</subfield>
    <subfield code="f">1985.</subfield>
  </datafield>
  <datafield tag="245" ind1="1" ind2="0">
    <subfield code="a">Twenty-six translations of the Bible :</subfield>
    <subfield code="c">Curtis Vaughan, general editor.</subfield>
    <subfield code="b">Volume 3 New Testament : Matthew - Revelation /</subfield>
  </datafield>
  <datafield tag="260" ind1=" " ind2=" ">
    <subfield code="a">Atlanta, GA :</subfield>
    <subfield code="b">Mathis Publishers :</subfield>
    <subfield code="b">Distributed by American Home Libraries,</subfield>
    <subfield code="c">c1985.</subfield>
  </datafield>
  <datafield tag="300" ind1=" " ind2=" ">
    <subfield code="a">3 v. ;</subfield>
    <subfield code="c">23 cm.</subfield>
  </datafield>
  <datafield tag="505" ind1="0" ind2=" ">
    <subfield code="a">v. 1. Old Testament, Genesis--Esther -- v. 2. Old Testament, Job--Malachi -- v. 3. New Testament, Matthew--Revelation.</subfield>
  </datafield>
  <datafield tag="700" ind1="1" ind2=" ">
    <subfield code="a">Vaughan, Curtis.</subfield>
  </datafield>
  <datafield tag="942" ind1=" " ind2=" ">
    <subfield code="2">ddc</subfield>
    <subfield code="c">REF</subfield>
  </datafield>
  <datafield tag="952" ind1=" " ind2=" ">
    <subfield code="0">0</subfield>
    <subfield code="1">0</subfield>
    <subfield code="2">ddc</subfield>
    <subfield code="4">0</subfield>
    <subfield code="7">1</subfield>
    <subfield code="8">REF</subfield>
    <subfield code="a">HMC</subfield>
    <subfield code="b">HMC</subfield>
    <subfield code="c">REF</subfield>
    <subfield code="d">2018-10-11</subfield>
    <subfield code="h">Vol - 3</subfield>
    <subfield code="l">0</subfield>
    <subfield code="o">REF 220.5 V364T</subfield>
    <subfield code="p">000800</subfield>
    <subfield code="r">2018-10-11 00:00:00</subfield>
    <subfield code="w">2018-10-11</subfield>
    <subfield code="y">REF</subfield>
  </datafield>
</record>
